Online Catalogue and eLibrary

Gods and myths of ancient Egypt (Record no. 876)

MARC details
000 -LEADER
fixed length control field 00475nam a2200181Ia 4500
005 - DATE AND TIME OF LATEST TRANSACTION
control field 20240731052548.0
008 - FIXED-LENGTH DATA ELEMENTS--GENERAL INFORMATION
fixed length control field 240331s9999 xx 000 0 und d
020 ## - INTERNATIONAL STANDARD BOOK NUMBER
ISBN 9774246691
082 ## - DDC Classification
Class No. 292.9
Item Number - Author Mark ARM
100 ## - MAIN ENTRY--PERSONAL NAME
Personal name Armour, R.A
245 #0 - TITLE STATEMENT
Title Gods and myths of ancient Egypt
Statement of responsibility, etc. Robert, A. Armour
250 ## - EDITION STATEMENT
Edition statement 2nd
260 ## - PUBLICATION, DISTRIBUTION, ETC.
Place of publication, distribution, etc. New York
Name of publisher, distributor, etc. The American University in Cairo Press
Date of publication, distribution, etc. 2002
300 ## - PHYSICAL DESCRIPTION
Extent (e.g. Volumes, Pages etc.) ix, 207 p.,
650 ## - SUBJECT ADDED ENTRY--TOPICAL TERM
Topical term or geographic name entry element Mythology
650 ## - SUBJECT ADDED ENTRY--TOPICAL TERM
Topical term or geographic name entry element Egyptologist
942 ## - Koha item type (Biblio)
Koha item type Books in Stacks (Lending)
Holdings
Lost status Damaged status Collection code Home library Current library Shelving location Date acquired Full call number Accession Number Item type
    Lending WERC Library WERC Library Social Science Cupboard 03/31/2024 292.9 ARM 4725 Books in Stacks (Lending)

© WERC Library